000 01750cam a22004578i 4500
001 sjds18539228
003 sjds
005 20160920141638.0
008 150319s2015 scu j b 000 0 spa c
010 _a 2015009085
020 _a9781628555691 (spanish pbk.)
020 _z9781628555875 (spanish downloadable ebook)
020 _z9781628556056 (spanish interactive dual-language ebook)
020 _z9781628555516 (english hardcover)
020 _z9781628555608 (english pbk.)
020 _z9781628555783 (english downloadable ebook)
020 _z9781628555967 (english interactive dual-language ebook)
040 _aNJQ/DLC
_beng
_cNJQ
_erda
041 1 _aspa
_heng
042 _apcc
050 0 0 _aQL644.2
_b.H3418 2015
082 0 4 _a597
_223
100 1 _aHall, Katharine,
_d1989-
_eauthor.
240 1 0 _aAmphibians and reptiles.
_lSpanish
245 1 0 _aAnfibios y reptiles :
_bun libro de comparación y contraste /
_cpor Katharine Hall.
260 _aMt. Pleasant, SC :
_bArbordale Publishing,
_c[2015]
264 1 _aMt. Pleasant, SC :
_bArbordale Publishing,
_c[2015]
300 _a1 volume (unpaged)
_c26 cm
336 _atext
_2rdacontent
337 _aunmediated
_2rdamedia
338 _avolume
_2rdacarrier
490 0 _aComparación y contraste
500 _a“incluye 4 páginas de actividades para la enseñanza” – back cover.
504 _aIncludes bibliographical references.
521 1 _aAges 4-8.
650 0 _aAmphibians
_vJuvenile literature.
650 0 _aReptiles
_vJuvenile literature.
776 0 8 _iOnline version:
_aHall, Katharine, 1989- author.
_tAnfibios y reptiles
_dMt. Pleasant, SC : Arbordale Publishing, [2015]
_z9781628555875
_w(DLC) 2015011987
942 _2ddc
_cBK
999 _c16242
_d16242